Quizzes
Events
Quiz Creation
Community
Videos
Private Events
Remove Ads
Sign In
Join for FREE
Feedback
Dark Mode
Quiz Categories
Sports
Geography
Music
Movies
Television
Just For Fun
Miscellaneous
History
Literature
Language
Science
Gaming
Entertainment
Religion
Holiday
For Kids
Quiz Lab
Recent
Popular Today
Quiz Kudos Today
Editor Picks
Curator Picks
Quizzes by...
Day
Popularity
Type
Ratings
Length
Year
Community
Subscriptions
Recent Discussions
Orange Saloon
Badges
Playlists
Quests
Create
Leaderboards
Showdown
Live 5
Trivia Bingo
Activity
Puzzle Library
Sporcle Events
Private Events
Virtual Trivia
Globe League
Become a Host
Pub Owners
SporcleCon
Opinionation
Our Games
Videos
Blog
Mobile Apps
Partnerships
Remove Ads and Go Orange
Feedback
Sports
Athletes
MLB
NBA
NHL
NFL
Soccer
Sports Teams
WWE
NCAA
Football
Premier League
Basketball
Baseball
Hockey
Golf
Tennis
Cricket
Rugby
Auto Racing
Olympics
World Cup
Sports
Athletes
MLB
NBA
NHL
NFL
Soccer
Sports Teams
WWE
NCAA
Football
Premier League
Basketball
Baseball
Hockey
Golf
Tennis
Cricket
Rugby
Auto Racing
Olympics
World Cup
Random Quiz
Search Sporcle
×
Curator Pick
Curator Pick
Sports
WWE
Type in answers that appear in a list
Type in answers that appear in a list
Classic
Best Score? Go Orange.
Wrestling Nicknames Stats
Can you name the following wrestlers by their nicknames?
By
scottcha
10m
100 Questions
8,631 Plays
8,631 Plays
8,631 Plays
Comments
Comments
Give Quiz Kudos
Give Quiz Kudos
-
- Ratings
hide this ad
Forced Order
Answers have to be entered in order
Answers have to be entered in order
Random Order
Randomize order of answers
Randomize order of answers
Replay
Link that replays current quiz
Next Quiz
Link to next quiz in quiz playlist
You Got
0%
They Got
Avg Score
61%
Avg Friend Score
Upgrade to see
Score Distribution
Jump to the score distribution portion of the page
Score
0/100
Timer
10:00
2
Plays Today
Nickname
Wrestler
% Correct
Macho Man
Randy Savage
84.9%
The Heartbreak Kid
Shawn Michaels
84.4%
The Great One, The People's Champion
The Rock
84.2%
The Game, The Cerebral Assassin
Triple H
84.1%
The World's Strongest Man, Sexual Chocolate
Mark Henry
84.1%
The Big Red Machine
Kane
83.8%
The Rated 'R' Superstar
Edge
83%
Superfly
Jimmy Snuka
82.6%
Your Olympic Hero, The Wrestling Machine
Kurt Angle
82.5%
The Snake
Jake Roberts
81.9%
Hacksaw
Jim Duggan
81.9%
The Legend Killer
Randy Orton
81.6%
Good Ol' JR
Jim Ross
81.2%
The (Texas) Rattlesnake, The Bionic Redneck
'Stone Cold' Steve Austin
81.1%
The Million Dollar Man
Ted DiBiase
81.1%
The Animal
George Steele
81%
Ravishing
Rick Rude
80.3%
Latino Heat
Eddie Guerrero
80.2%
The American Dream
Dusty Rhodes
80.1%
Big Daddy Cool, Big Sexy
Kevin Nash
79.8%
The King
Harley Race
79.2%
The Phenom
The Undertaker
78.7%
The Doctor of Thuganomics
John Cena
78.1%
The Crippler, The Rabid Wolverine
Chris Benoit
77.7%
Mr. Ass, Badd Ass, The One
Billy Gunn
77.5%
Lionheart, The Man of 1004 Holds, The Ayatollah of Rock and Roll-
a
Chris Jericho
76.8%
Big Poppa Pump
Scott Steiner
76.2%
Captain Charisma
Christian
76%
The Dragon
Ricky Steamboat
75.6%
The Dirtiest Player in the Game
Ric Flair
74.5%
The Anvil
Jim Neidhart
73.9%
The Billion-
Dollar Princess
Stephanie McMahon
73.8%
Mr. Monday Night, The Whole F'n Show
Rob Van Dam
72.7%
The Masterpiece
Chris Masters
72.6%
Nickname
Wrestler
% Correct
Double J, The King of the Mountain
Jeff Jarrett
72.3%
The Eighth Wonder of the World
Andre the Giant
72.1%
The Barber
Brutus Beefcake
71.9%
The Jamaican Sensation
Kofi Kingston
71.7%
The Mouth of the South
Jimmy Hart
71.6%
The Brain, The Weasel
Bobby Heenan
71.5%
The Excellence of Execution
Bret 'Hitman' Hart
70.8%
The All-
American American
Jack Swagger
70.5%
The Ninth Wonder of the World
Chyna
70.4%
The Samoan Bulldozer
Umaga
70.1%
The Funker
Terry Funk
69.2%
The Big Valbowski
Val Venis
68.3%
The Immortal (One)
Hulk Hogan
67.7%
The Bad Guy
Razor Ramon
67.5%
Mean Gene
Gene Okerlund
67.4%
The Charismatic Enigma, The Rainbow-
Haired Warrior
Jeff Hardy
67.2%
The Bizarre One
Goldust
66.6%
Sensational, Scary
Sherri Martel
66.2%
The Hammer
Greg Valentine
64%
The Narcissist, The Total Package
Lex Luger
63.4%
The Samoan Submission Machine
Samoa Joe
63%
The Next Big Thing
Brock Lesnar
62.4%
The Japanese Buzzsaw
Tajiri
62.3%
The Iceman, The Man of 1000 Holds
Dean Malenko
62.1%
The Model
Rick Martel
62%
The Homicidal, Suicidal, Genocidal, Death-
Defying Maniac
Sabu
61.9%
The Human Suplex Machine
Taz
61.8%
Mr. Wonderful
Paul Orndorff
61.1%
The World's Most Dangerous Man
Ken Shamrock
60.5%
The Voice of ECW
Joey Styles
59%
The Belfast Bruiser
Dave 'Fit' Finlay
58.3%
The Icon
Sting
56.8%
The Innovator of Violence
Tommy Dreamer
56%
The Gold Standard
Shelton Benjamin
55.8%
Nickname
Wrestler
% Correct
The Texas Tornado
Kerry Von Erich
54.6%
The Lethal Weapon
Steve Blackman
54.5%
The Loose Cannon
Brian Pillman
54.2%
The Hollywood Fashion Plate, Classy
Freddie Blassie
53.8%
American Dragon
Bryan Danielson
52.6%
The Enforcer
Arn Anderson
52.2%
The Body, The Mind
Jesse Ventura
51.4%
The Dog-
Faced Gremlin
Rick Steiner
51.3%
The Rocket, The Two-
Time Slammy Award Winner
Owen Hart
50.7%
The Shaman of Sexy, The Guru of Greatness, The Tuesday Night Delight
John Morrison
50.4%
The Cat
Ernest Miller
48.4%
The First Lady of Wrestling
Miss Elizabeth
48.4%
The Beast from the East
Bam Bam Bigelow
47%
P.S. ('Purely Sexy')
Michael Hayes
44.3%
Magnificent, The Rock
Don Muraco
42.5%
The Russian Bear
Ivan Koloff
41.2%
The Mastodon
Vader
39.8%
The Big Cat
Ernie Ladd
39.2%
Wildman
Marc Mero
37.7%
The Original Gangsta
New Jack
36.3%
Polish Power
Ivan Putski
35.7%
The Alpha Male
Monty Brown
34.9%
Mr. USA
Tony Atlas
34.8%
The Master and the Ruler of the World
Sid Vicious
32.4%
The Man
Stan Stasiak
26.9%
The Helsinki Hellraiser
Ludvig Borga
23.3%
The Beast
Dan Severn
21.7%
The Dominator, The Real Deal, The Boss
Bobby Lashley
21%
The All-
American Boy
Bob Backlund
13.4%
The Doctor of Desire
Tom Prichard
10.6%
The Golden Boy
Arnold Skaaland
9.5%
The Toast of the Coast, The Sensation of the Nation
Gorgeous George
5.7%
Quiz Playlist
Details
Report
Send in Message
Add To Playlist
Classic:
Type in answers that appear in a list
Forced Order:
Answers have to be entered in order
Random Order:
Randomize order of answers
Quiz Source
Last Updated: Feb 16, 2017
Curator Pick in
WWE
Quiz Scoreboard
CHALLENGE
Sign Up to Join the Scoreboard
Show All
Scores
Hide
Comments
May contain spoilers
Recently Published
Presidents Visiting Landmarks
by Hejman
History
7m
An Introduction to Baseball
by treessimontrees
Sports
5m
Movies - When Are They Set?
by FPL_Elf
Movies
5m
More to Explore
Quiz From the Vault
Featured Blog Post
Where Did the Easter Bunny Come From?
hide this ad
You Might Also Like...
Tags
WWE Quiz
gimmick
impact
nickname
Pro Wrestling
roh
tna
WCW
Wrestlers
Wrestling
WWF
WWWF
Today's Top Quizzes in Sports
Browse Sports
hide this ad
Today's Top Quizzes in WWE
Browse WWE
Top Contributed Quizzes in Sports
1
Les meilleurs buteurs des matchs entre le PSG et l’OM
2
2022 World Cup Stars
3
FIFA Club World Cup Champions
4
Les entraîneurs de l'OM et du PSG au 21e siècle
5
Name the Premier League winners with different clubs
6
La finale Lions - Afrique du Sud 2021
7
England Test cricketers to play under Nasser Hussain
8
5-to-1: UK Sports Teams
9
Les joueurs passés par le LOSC et le RC Lens
10
Criteria MLB: Left Handed Sluggers
Explore More
Trending Topics
Marvel
Disney
Kpop
Harry Potter
Anime
NBA
Crossword
WWE
The Office
Country
NFL
Puzzle
Song
Soccer
Pokémon
hide this ad
More By:
scottcha
Quiz
Plays
Rating
Category
Featured
Created
Wrestling Nicknames
8,631
4.04
Sports
Oct 6, 2009
Wolverine Hall of Famers
264
5.00
Sports
May 27, 2010
Go to Creator's Profile
Score Distribution
Quiz Creator Spotlight
scottcha
Follow
Send a Message
Quizzes Created
-
Created Quiz Play Count
-
More By This Creator
Popular Quizzes Today
1
Find the US States - No Outlines Minefield
2
Find the Countries of Europe - No Outlines Minefield
3
The Countries of the World
4
Find the US States
5
Popular People in 1961
6
US States
7
Risky Map Clicking: Biggest States A-Z
8
1-10 Letter E Words III
More Sports Quizzes
Big 4 Sports Pairs
Published
Trending Quizzes
Risky Map Clicking: Least Populous States A-Z
1-10 Letter G Words
1-10 Letter F Words
One Thing in Common: United Kingdom
Risky Map Clicking: Next State Alphabetically
Recently Updated
Leaping Animals
pecheneg
Reality TV Shows (A-Z)
bhenderson79
Rickey Henderson's Hall of Fame Teammates
pecheneg
Champions League XIs: Arsenal
pecheneg
Quick Pick: Celebrities in WWE's Hall of Fame
aduchscher
A-Z Keypad Blitz II
pecheneg
Multiple Oscar Actors
pecheneg
Mystery Phrase Blitz: Oscar 'Best Actors'
pecheneg
F. Scott Fitzgerald Novels
LTH
Pick 3 Villains
ddd62291
Trending Topics
NBA
Disney
Crossword
Harry Potter
Kpop
Marvel
Anime
The Office
Puzzle
WWE
Song
Country
NFL
Soccer
Pokémon
Your Account Isn't Verified!
In order to create a playlist on Sporcle, you need to verify the email address you used during registration. Go to your
Sporcle Settings
to finish the process.
Report this User
Report this user for behavior that violates our
Community Guidelines
.
Details:
Send Report
Go to the Sporcle.com Mobile Site →
Comments